00621nam a2200181 i 4500001000300000100002700003245006200030260002100092040000800113041000800121080002400129942000700153008004100160999001500201856009700216952006300313952006300376bg1 aBORKOWSKA, Stanisława 0aSystem motywowania w przedsiębiorstwie /cS. Borkowska. aWarszawa,c1985. cBPK apol a658.1/.5:331+159.94 cKS s pl f |000 0 pol  c2635d2635 uhttp://koha.tu.koszalin.pl/cgi-bin/koha/opac-detail.pl?biblionumber=2635yKatalog online BPK 00104070aBPKbBPKcwoP 34885p01064360s2021-03-30yKS 00104070aBPKbBPKcwoP 34886p01423495s2023-04-03yKS